Statistics for Alex's Artist to Song Quiz #2

Click here to take the quiz!

General Stats

  • This quiz has been taken 25 times
  • The average score is 13 of 30

Answer Stats

HintAnswer% Correct
Hound Dog (1956)Elvis Presley
100%
(I Can't Get No) Satisfaction (1965)The Rolling Stones
90%
It's Not Unusual (1965)Tom Jones
85%
Goodbye Yellow Brick Road (1973)Elton John
80%
Smooth Criminal (1988)Michael Jackson
75%
Men in Black (1997)Will Smith
70%
Holding Out For Hero (1984)Bonnie Tyler
60%
Mambo No. 5 (1999)Lou Bega
60%
Money (1973)Pink Floyd
60%
Don't You (Forget About Me) (1985)Simple Minds
60%
Paradise City (1988)Guns N' Roses
55%
Uptown Funk (2014)Mark Ronson Ft. Bruno Mars
55%
Hello, I Love You (1968)The Doors
50%
Macarena (1995)Los Del Rio
45%
Whip It (1980)Devo
40%
Mama Said Knock You Out (1990)LL Cool J
40%
Cooler than Me (2010)Mike Posner
35%
2 Legit 2 Quit (1991)MC Hammer
30%
One Night in Bangkok (1984)Murray Head
30%
Fat Lip (2001)Sum 41
30%
Tim McGraw (2006)Taylor Swift
30%
All Summer Long (2008)Kid Rock
25%
Jealous (2014)Nick Jonas
25%
Anything Goes (1934)Cole Porter
20%
My Band (2004)D12
20%
Heartaches by the Number (1959)Guy Mitchell
20%
Country Grammar (2000)Nelly
20%
Harlem Shake (2012)Baauer
10%
Wouldn't It Be Good (1984)Nik Kershaw
10%
Every Day Is Exactly the Same (2006)Nine Inch Nails
5%

Score Distribution

Percentile by Number Answered

Percent of People with Each Score

Your Score History

You have not taken this quiz